[Event "Richmond Keres Memorial 46th"]
[Site "Richmond"]
[Date "2022.05.21"]
[Round "2"]
[White "Roback, Joe"]
[Black "MacKinnon, Keith"]
[Result "1/2-1/2"]
[WhiteElo "1918"]
[BlackElo "2163"]
[PlyCount "98"]
[EventDate "2022.05.21"]
[EventType "swiss"]
[EventRounds "6"]
[EventCountry "CAN"]
[SourceTitle "CBM 209 Extra"]
[Source "ChessBase"]
[SourceDate "2022.09.30"]
[SourceVersion "1"]
[SourceVersionDate "2022.09.30"]
[SourceQuality "1"]

1. e4 c5 2. Nf3 e6 3. d4 cxd4 4. Nxd4 Nc6 5. Nc3 Qc7 6. Be3 a6 7. Be2 Nf6 8. 0-0 Be7 9. f4 d6 10. a4 0-0 11. Nb3 b6 12. Qe1 Nb4 13. Rc1 d5 14. e5 Nd7 15. Rf3 Bb7 16. Rh3 Rfe8 17. Nd4 Rac8 18. Nd1 Nf8 19. c3 Nc6 20. Bd3 Nxd4 21. Bxd4 Bc5 22. Ra1 Ng6 23. Qg3 Rf8 24. Ne3 f5 25. Rf1 Qe7 26. Nc2 Rc7 27. Rh5 Bc6 28. b3 Bb7 29. Be2 Rfc8 30. Rc1 Bxd4+ 31. Nxd4 Qa3 32. Rf1 Rxc3 33. Qf2 Nf8 34. Rg5 Qb2 35. Qh4 R3c7 36. Qf2 Rc1 37. Bd1 Rb1 38. Be2 Rcc1 39. Rg3 Rxf1+ 40. Bxf1 Qxf2+ 41. Kxf2 Rc1 42. Rd3 Kf7 43. Be2 g6 44. Bd1 Rc7 45. Rh3 Bc8 46. Ke1 Ke8 47. Kd2 h5 48. Rg3 Kf7 49. Be2 Nh7 1/2-1/2

[Event "Victoria Grand Pacific op 10th"]
[Site "Victoria"]
[Date "2016.03.27"]
[Round "4"]
[White "Gansvind, Valeriya I"]
[Black "Roback, Joe"]
[Result "0-1"]
[WhiteElo "2276"]
[BlackElo "2032"]
[PlyCount "224"]
[EventDate "2016.03.25"]
[EventType "swiss"]
[EventRounds "6"]
[EventCountry "CAN"]
[SourceTitle "CBM 171 Extra"]
[Source "ChessBase"]
[SourceDate "2016.04.26"]
[SourceVersion "1"]
[SourceVersionDate "2016.04.26"]
[SourceQuality "1"]

1. d4 Nf6 2. Bg5 c5 3. Nc3 Qb6 4. d5 Qxb2 5. Bd2 Qb6 6. e4 e5 7. Rb1 Qd8 8. f4 d6 9. fxe5 dxe5 10. Nf3 Bd6 11. Bd3 0-0 12. Qe2 Nbd7 13. a4 a6 14. 0-0 Qc7 15. Nd1 c4 16. Bxc4 Nc5 17. Nc3 Bg4 18. Bd3 Rfe8 19. h3 Bh5 20. Qe1 Bg6 21. Nh4 Rac8 22. Nf5 Bf8 23. Kh1 Qd7 24. a5 Rc7 25. Rb6 Rec8 26. g4 Qd8 27. Rf3 Ne8 28. Bf1 Nd6 29. Re3 Be7 30. Nxe7+ Qxe7 31. Rb4 Nd7 32. Qb1 Qf6 33. Qe1 Rc5 34. Ra4 Qd8 35. Bd3 Qc7 36. Ne2 Nc4 37. Rf3 Nxd2 38. Qxd2 Qd8 39. Ng3 R5c7 40. Ra2 Nc5 41. Kg2 h6 42. Nf5 Bxf5 43. Rxf5 Nd7 44. Qf2 Qe7 45. h4 Nf8 46. h5 f6 47. Rf3 Rc5 48. Qd2 Qc7 49. Rf1 Nh7 50. Rb1 Qd7 51. Qe2 Ng5 52. Rb6 Nf7 53. Rab2 Nd6 54. Qf2 Rxa5 55. Rxd6 Qxd6 56. Rxb7 Rac5 57. Qf5 R5c7 58. Rb1 a5 59. c4 Ra8 60. Qf2 a4 61. Rb6 Qc5 62. d6 Rcc8 63. d7 Qxf2+ 64. Kxf2 Rc7 65. Ra6 Rd8 66. Rxa4 Rcxd7 67. Be2 Kf8 68. Ke3 Rc7 69. Ra6 Ke7 70. Rb6 Rd6 71. Rb8 Rd4 72. Rb4 Ra7 73. Rb3 Kd6 74. Bf1 Kc6 75. Be2 Ra2 76. Rc3 Rdd2 77. Bf3 Rdc2 78. Rb3 Rxc4 79. Be2 Rcc2 80. Bb5+ Kc5 81. Bf1 Rf2 82. Rb1 Rf4 83. Rc1+ Kd6 84. Rd1+ Ke7 85. Rb1 Ra3+ 86. Kd2 Rxg4 87. Rb7+ Kd6 88. Rb6+ Kc7 89. Rb2 Rg1 90. Ke2 Ra1 91. Rc2+ Kd6 92. Rd2+ Kc5 93. Bh3 Rh1 94. Rd5+ Kc4 95. Be6 Kb4 96. Rd7 Ra3 97. Kf2 Rh2+ 98. Kg1 Re2 99. Kf1 Rxe4 100. Rxg7 Rh4 101. Rb7+ Kc5 102. Bf7 Rh2 103. Kg1 Rd2 104. Rb1 e4 105. Bg6 e3 106. Re1 Kd4 107. Bh7 Ra5 108. Bg6 Rg5+ 109. Kh1 f5 110. Be8 e2 111. Kh2 Ke3 112. Bb5 Kf2 0-1

[Event "Victoria Grand Pacific op 10th"]
[Site "Victoria"]
[Date "2016.03.27"]
[Round "5"]
[White "Roback, Joe"]
[Black "Ross, Paul"]
[Result "1/2-1/2"]
[WhiteElo "2032"]
[BlackElo "2348"]
[PlyCount "120"]
[EventDate "2016.03.25"]
[EventType "swiss"]
[EventRounds "6"]
[EventCountry "CAN"]
[SourceTitle "CBM 171 Extra"]
[Source "ChessBase"]
[SourceDate "2016.04.26"]
[SourceVersion "1"]
[SourceVersionDate "2016.04.26"]
[SourceQuality "1"]

1. e4 e6 2. d4 d5 3. e5 c5 4. c3 Nc6 5. Nf3 Qb6 6. a3 a5 7. Bd3 Bd7 8. Bc2 Nh6 9. b3 cxd4 10. cxd4 Nf5 11. Bb2 Be7 12. 0-0 h5 13. Qd2 g6 14. Rd1 a4 15. b4 Nb8 16. Nc3 Bb5 17. Bd3 Bxd3 18. Qxd3 0-0 19. Bc1 Rc8 20. Bg5 Bf8 21. Rac1 Rc4 22. Ne2 Qa6 23. Rxc4 dxc4 24. Qe4 Qc6 25. d5 exd5 26. Rxd5 Ne7 27. Bxe7 Bxe7 28. Nfd4 Qc8 29. e6 Ra6 30. exf7+ Kxf7 31. Re5 Qd7 32. Nc3 Bf6 33. Nf3 Kg7 34. Rd5 Qe6 35. Ne5 Be7 36. f4 Rd6 37. Rxd6 Qxd6 38. Nxc4 Qd7 39. Ne5 Qd6 40. Nd5 Bd8 41. Nc4 Qf8 42. Qe5+ Kh7 43. Nd6 Nc6 44. Qe6 Qg7 45. h3 Nd4 46. Qf7 Nc2 47. Qxg7+ Kxg7 48. Nc4 b5 49. Nde3 Bb6 50. Nxb6 Nxe3 51. Nc8 Nc2 52. Nd6 Nxa3 53. Kf2 h4 54. g4 hxg3+ 55. Kxg3 Nc2 56. Nxb5 a3 57. Nxa3 Nxa3 58. Kg4 Kf6 59. h4 Nc4 60. h5 gxh5+ 1/2-1/2

[Event "Washington op"]
[Site "Lynnwood"]
[Date "2015.05.24"]
[Round "3"]
[White "Pupols, Viktors"]
[Black "Roback, Joe"]
[Result "1-0"]
[WhiteElo "2025"]
[BlackElo "1965"]
[PlyCount "137"]
[EventDate "2015.05.23"]
[EventType "swiss"]
[EventRounds "6"]
[EventCountry "USA"]
[SourceTitle "EXT 2017"]
[Source "ChessBase"]
[SourceDate "2016.10.25"]
[SourceVersion "1"]
[SourceVersionDate "2016.10.25"]
[SourceQuality "1"]

1. d4 Nf6 2. c4 g6 3. Nc3 Bg7 4. e4 d6 5. Nf3 0-0 6. Be2 e5 7. 0-0 Nc6 8. d5 Ne7 9. Ne1 Ne8 10. f3 f5 11. g4 Kh8 12. h4 Nf6 13. Nd3 Qd7 14. Nf2 c6 15. Be3 f4 16. Bd2 h5 17. g5 Nh7 18. Kh2 Rg8 19. Rg1 Qd8 20. Bf1 Bf8 21. Nd3 c5 22. a3 Bd7 23. Be1 Qc8 24. Nf2 Rb8 25. Rc1 a6 26. a4 b6 27. Ra1 Rg7 28. Bh3 Bxh3 29. Nxh3 Qd8 30. Rg2 Nc8 31. Rc2 Na7 32. Ne2 Rf7 33. Bc3 Bg7 34. b3 Kg8 35. Qg1 Nf8 36. Nf2 Ra8 37. Rca2 Rb8 38. Nd3 Qe8 39. Be1 Nd7 40. Qg2 Ra8 41. Nc3 Nb8 42. Bf2 Rc7 43. Ne1 Rb7 44. Nc2 a5 45. Nb5 Nc8 46. Qh3 Kf7 47. Rd1 Qd7 48. Qf1 Na6 49. Qe2 Nb4 50. Nxb4 axb4 51. Rda1 Bf8 52. a5 bxa5 53. Rxa5 Rxa5 54. Rxa5 Be7 55. Qa2 Bd8 56. Ra6 Nb6 57. Qa1 Bc7 58. Ra2 Bb8 59. Qf1 Nc8 60. Qa1 Nb6 61. Kg2 Bc7 62. Na7 Bd8 63. Ra6 Be7 64. Nc6 Qc7 65. Ra8 Nxa8 66. Qxa8 Bf8 67. Nd8+ Kg8 68. Nxb7 Kf7 69. Nd8+ 1-0

[Event "Washington op"]
[Site "Lynnwood"]
[Date "2015.05.23"]
[Round "2"]
[White "Roback, Joe"]
[Black "Villavieja, Butch"]
[Result "0-1"]
[WhiteElo "1965"]
[BlackElo "2169"]
[PlyCount "86"]
[EventDate "2015.05.23"]
[EventType "swiss"]
[EventRounds "6"]
[EventCountry "USA"]
[SourceTitle "EXT 2017"]
[Source "ChessBase"]
[SourceDate "2016.10.25"]
[SourceVersion "1"]
[SourceVersionDate "2016.10.25"]
[SourceQuality "1"]

1. e4 e5 2. Nf3 Nc6 3. Bb5 a6 4. Ba4 Nf6 5. 0-0 Be7 6. d3 b5 7. Bb3 0-0 8. c3 d5 9. Nbd2 Bc5 10. h3 Re8 11. Re1 h6 12. Nf1 Be6 13. Qe2 Qd7 14. Ng3 Rad8 15. Bc2 Bb6 16. Kh2 Qd6 17. Kg1 Qd7 18. Kh2 a5 19. Nh4 Ne7 20. Qf3 Ng4+ 21. Kh1 Nxf2+ 22. Kh2 dxe4 23. dxe4 Bxh3 24. Nh1 Bg4 25. Qg3 Nxh1 26. Kxh1 g5 27. Nf3 Bxf3 28. Qxf3 Ng6 29. Bb3 Kg7 30. Rf1 Nf4 31. Kh2 a4 32. Bc2 Qc8 33. b3 axb3 34. axb3 Rd6 35. Rd1 Red8 36. Bb2 Rd2 37. Rac1 Rxg2+ 38. Kh1 Rg4 39. Rd4 Rh4+ 40. Kg1 Rh3 41. Qd1 Rg3+ 42. Kf2 Rg2+ 43. Ke3 Qh3+ 0-1

[Event "Richmond Keres Memorial 40th"]
[Site "Richmond"]
[Date "2015.05.16"]
[Round "1.1"]
[White "Roback, Joe"]
[Black "Orlov, Georgi"]
[Result "0-1"]
[WhiteElo "2019"]
[BlackElo "2536"]
[PlyCount "96"]
[EventDate "2015.05.16"]
[EventType "swiss"]
[EventRounds "6"]
[EventCountry "CAN"]
[SourceTitle "EXT 2019"]
[Source "ChessBase"]
[SourceDate "2018.10.10"]
[SourceVersion "1"]
[SourceVersionDate "2018.10.10"]
[SourceQuality "1"]

1. e4 c5 2. Nf3 e6 3. Nc3 a6 4. d4 cxd4 5. Nxd4 Qc7 6. Be2 Nf6 7. a3 b5 8. f4 b4 9. e5 bxc3 10. exf6 gxf6 11. Bf3 Bb7 12. b3 Bc5 13. Be3 Nc6 14. Nxe6 dxe6 15. Bxc5 Rd8 16. Qe2 Qxf4 17. 0-0 Nd4 18. Bxd4 Qxd4+ 19. Kh1 Bxf3 20. Rxf3 Rg8 21. Rd3 Qb6 22. Rxc3 Qd4 23. Qe1 Qf4 24. Rd1 Rxd1 25. Qxd1 Ke7 26. Rd3 f5 27. c4 Rg4 28. c5 Qe5 29. Qg1 Rxg2 30. Qxg2 Qe1+ 31. Qg1 Qe4+ 32. Qg2 Qxd3 33. b4 Qb1+ 34. Qg1 Qe4+ 35. Qg2 Kd7 36. Qxe4 fxe4 37. Kg2 f5 38. Kf2 f4 39. Ke2 Kc6 40. Kf2 e5 41. Ke2 e3 42. Kf3 e4+ 43. Ke2 Kd5 44. h3 h6 45. Ke1 f3 46. Kd1 e2+ 47. Ke1 e3 48. c6 Kd4 0-1

[Event "Washington Class-ch Masters"]
[Site "Lynnwood"]
[Date "2014.11.30"]
[Round "5"]
[White "Roback, Joe"]
[Black "Pupols, Viktors"]
[Result "1/2-1/2"]
[WhiteElo "1975"]
[BlackElo "2072"]
[PlyCount "80"]
[EventDate "2014.11.28"]
[EventType "swiss"]
[EventRounds "6"]
[EventCountry "USA"]
[SourceTitle "EXT 2017"]
[Source "ChessBase"]
[SourceDate "2016.10.25"]
[SourceVersion "1"]
[SourceVersionDate "2016.10.25"]
[SourceQuality "1"]

1. e4 e6 2. d4 d5 3. e5 c5 4. c3 Nc6 5. Nf3 Nh6 6. a3 cxd4 7. cxd4 Nf5 8. Nc3 Be7 9. Be2 Bd7 10. 0-0 g5 11. Be3 g4 12. Ne1 h5 13. Nc2 Bg5 14. Qd2 Nxe3 15. fxe3 a6 16. b4 Qe7 17. Rab1 0-0 18. Bd3 f5 19. Ne2 Na7 20. Nf4 Bxf4 21. Rxf4 Rac8 22. Rff1 Rc7 23. Rfc1 Rfc8 24. Ne1 Ba4 25. g3 h4 26. Ng2 Bb5 27. Nf4 Bxd3 28. Nxd3 b6 29. Rxc7 Rxc7 30. Rc1 hxg3 31. hxg3 Qd7 32. Qh2 Rxc1+ 33. Nxc1 Nb5 34. Qh6 Nxa3 35. Ne2 Nb5 36. Nf4 Nc7 37. Nh5 Ne8 38. Qg6+ Kf8 39. Qh6+ Kg8 40. Qg6+ Kf8 1/2-1/2

[Event "British Columbia op"]
[Site "Richmond"]
[Date "2014.02.10"]
[Round "6.8"]
[White "Nguyen, Kim"]
[Black "Roback, Joe"]
[Result "1-0"]
[WhiteElo "2109"]
[BlackElo "1835"]
[PlyCount "161"]
[EventDate "2014.02.08"]
[EventType "swiss"]
[EventRounds "6"]
[EventCountry "CAN"]
[SourceTitle "EXT 2022"]
[Source "ChessBase"]
[SourceDate "2021.10.06"]
[SourceVersion "1"]
[SourceVersionDate "2021.10.06"]
[SourceQuality "1"]

1. e4 c5 2. Nf3 a6 3. c3 d5 4. exd5 Qxd5 5. d4 cxd4 6. cxd4 e6 7. Bd3 Nf6 8. 0-0 Bd6 9. Nc3 Qa5 10. Bd2 Qd8 11. Bg5 Nbd7 12. d5 e5 13. Re1 0-0 14. Ne4 Qe7 15. Rc1 Re8 16. Nd4 Qf8 17. Bxf6 Nxf6 18. Nxf6+ gxf6 19. Qh5 Qg7 20. Nf5 Bxf5 21. Bxf5 Kf8 22. h4 Ke7 23. g3 Rh8 24. Rc4 Qf8 25. Rec1 Qd8 26. Rc8 Qb6 27. Rxa8 Rxa8 28. Bxh7 Rh8 29. Qf5 Qa5 30. Qd3 Qxa2 31. Bf5 Qa5 32. Kg2 Rd8 33. h5 Rh8 34. g4 Bb4 35. Rc4 Bd6 36. b3 Qb6 37. Qc2 Rd8 38. h6 Kf8 39. Rc8 Kg8 40. f3 Bf8 41. h7+ Kg7 42. Qc4 Bd6 43. Kf1 Qa5 44. Ke2 Be7 45. Rxd8 Bxd8 46. d6 Qa3 47. d7 Qe7 48. Qc8 a5 49. Qxb7 Kh8 50. Qc8 Kg7 51. Qc1 Qf8 52. Bd3 Kh8 53. Be4 Kg7 54. Qc6 Be7 55. Qd5 Bd8 56. Bc2 Qb4 57. Qxf7+ Kxf7 58. h8Q Qf8 59. Qh5+ Ke7 60. Qf5 Qh6 61. Qh5 Qf8 62. Bf5 Qf7 63. Qh8 Qf8 64. Qh1 Qf7 65. Qd1 Kf8 66. Qd6+ Qe7 67. Qd5 Kg7 68. Bd3 Qf7 69. Qb5 Qe7 70. Bc4 Qd6 71. Qb7 Qd4 72. Qc6 Qb2+ 73. Kf1 Qa3 74. Qd5 Qf8 75. Qe6 Kh8 76. Qe8 Kg7 77. Bd3 Kg8 78. Bh7+ Kg7 79. Bf5 Qg8 80. Ke2 Kh8 81. Be6 1-0

[Event "British Columbia op"]
[Site "Richmond"]
[Date "2014.02.08"]
[Round "1.6"]
[White "Patterson, Roger"]
[Black "Roback, Joe"]
[Result "1-0"]
[WhiteElo "2076"]
[BlackElo "1835"]
[PlyCount "87"]
[EventDate "2014.02.08"]
[EventType "swiss"]
[EventRounds "6"]
[EventCountry "CAN"]
[SourceTitle "EXT 2022"]
[Source "ChessBase"]
[SourceDate "2021.10.06"]
[SourceVersion "1"]
[SourceVersionDate "2021.10.06"]
[SourceQuality "1"]

1. c4 Nf6 2. Nf3 c5 3. g3 b6 4. Bg2 Bb7 5. 0-0 e6 6. Nc3 Be7 7. d4 cxd4 8. Qxd4 d6 9. Bg5 a6 10. Rfd1 Nbd7 11. Bxf6 Nxf6 12. Nd2 Bxg2 13. Kxg2 Rc8 14. Nde4 Rc6 15. Rac1 0-0 16. b3 Qc7 17. f3 Nxe4 18. Nxe4 d5 19. Nd2 b5 20. e4 dxc4 21. bxc4 Rd8 22. Qe3 b4 23. Rc2 Rcd6 24. Rdc1 Rd3 25. Qe2 Bc5 26. Nb3 Qd6 27. e5 Qc7 28. Rd2 Rxd2 29. Nxd2 Bd4 30. f4 a5 31. c5 Bc3 32. Ne4 Qc6 33. Kh3 h6 34. Nxc3 bxc3 35. Rxc3 Rd5 36. Qe4 f6 37. Rc2 fxe5 38. fxe5 Qc7 39. c6 Rxe5 40. Qf4 Rh5+ 41. Kg2 e5 42. Qg4 Rg5 43. Qd7 Qb6 44. Qd5+ 1-0

[Event "CAN-ch op 49th"]
[Site "Victoria"]
[Date "2012.07.08"]
[Round "2"]
[White "Roback, Joe"]
[Black "Botez, Alexandra"]
[Result "0-1"]
[WhiteElo "1953"]
[BlackElo "2008"]
[PlyCount "72"]
[EventDate "2012.07.08"]
[EventType "swiss"]
[EventRounds "9"]
[EventCountry "CAN"]
[SourceTitle "CBM 149 Extra"]
[Source "ChessBase"]
[SourceDate "2012.08.24"]
[SourceVersion "1"]
[SourceVersionDate "2012.08.24"]
[SourceQuality "1"]

1. e4 e6 2. d4 d5 3. e5 c5 4. c3 Nc6 5. Nf3 Qb6 6. a3 cxd4 7. cxd4 Nge7 8. Bd3 Nf5 9. Bxf5 exf5 10. Nc3 Be6 11. 0-0 h6 12. b4 Be7 13. Bb2 0-0 14. Rc1 g5 15. Na4 Qb5 16. Re1 g4 17. Nd2 a5 18. Nc3 Qb6 19. Na4 Qb5 20. Nc3 Qd3 21. b5 Bg5 22. bxc6 Qxd2 23. cxb7 Qxd1 24. Nxd1 Rab8 25. Rc5 Rxb7 26. Bc3 a4 27. Ra5 Rc8 28. Rxa4 Rb3 29. Bb4 Rc4 30. Ra8+ Kh7 31. Bc5 Rc1 32. a4 Rbb1 33. g3 Rxd1 34. Rxd1 Rxd1+ 35. Kg2 f4 36. gxf4 Bxf4 0-1

[Event "Langley Labour Day op"]
[Site "Langley"]
[Date "2010.09.06"]
[Round "6.10"]
[White "Wu, Howard"]
[Black "Roback, Joe"]
[Result "1-0"]
[WhiteElo "2214"]
[BlackElo "1839"]
[PlyCount "39"]
[EventDate "2010.09.??"]
[EventType "swiss"]
[EventRounds "6"]
[EventCountry "CAN"]
[SourceTitle "EXT 2022"]
[Source "ChessBase"]
[SourceDate "2021.10.06"]
[SourceVersion "1"]
[SourceVersionDate "2021.10.06"]
[SourceQuality "1"]

1. e4 c5 2. Nf3 d6 3. d4 cxd4 4. Nxd4 Nf6 5. Nc3 a6 6. Bg5 e6 7. f4 Be7 8. Qf3 Qc7 9. 0-0-0 b5 10. Bxf6 Bxf6 11. Bxb5+ Nd7 12. Bxd7+ Qxd7 13. e5 Bb7 14. Qg3 dxe5 15. fxe5 Be7 16. Nf5 Qc7 17. Nxg7+ Kf8 18. Nxe6+ fxe6 19. Rhf1+ Ke8 20. Qg7 1-0

[Event "British Columbia op"]
[Site "Victoria"]
[Date "2009.07.26"]
[Round "5"]
[White "Cruden, Neil B"]
[Black "Roback, Joe"]
[Result "0-1"]
[WhiteElo "1908"]
[BlackElo "1685"]
[PlyCount "58"]
[EventDate "2009.07.24"]
[EventType "swiss"]
[EventRounds "5"]
[EventCountry "CAN"]
[SourceTitle "EXT 2011"]
[Source "ChessBase"]
[SourceDate "2010.11.26"]
[SourceVersion "1"]
[SourceVersionDate "2010.11.26"]
[SourceQuality "1"]

1. e4 c5 2. c3 Nf6 3. e5 Nd5 4. d4 e6 5. c4 Nb6 6. d5 d6 7. exd6 Bxd6 8. Nf3 0-0 9. dxe6 Bxe6 10. Na3 Re8 11. Be3 Nc6 12. Be2 Qe7 13. 0-0 Rad8 14. Qe1 Nd4 15. Rc1 Nf5 16. Bg5 f6 17. Bd2 Nd7 18. Bc3 Nf8 19. Bd1 Qf7 20. Qe4 Bc8 21. Qb1 Qh5 22. h3 Nh4 23. Bd2 Nxg2 24. Ng5 Qh6 25. Kxg2 fxg5 26. Rh1 Ng6 27. Bg4 Bd7 28. Bxd7 Rxd7 29. Qf5 Nh4+ 0-1